Library Banner

The mind of god : The scientific basis for a rational world (Record no. 12748)

MARC details
000 -LEADER
fixed length control field 00410nam a2200169Ia 4500
001 - CONTROL NUMBER
control field 11909
008 - FIXED-LENGTH DATA ELEMENTS--GENERAL INFORMATION
fixed length control field 140331s9999 xx 000 0 und d
020 ## - INTERNATIONAL STANDARD BOOK NUMBER
International Standard Book Number 0-671-79718-2
040 ## - CATALOGING SOURCE
Transcribing agency PK-LaUMT
082 ## - DEWEY DECIMAL CLASSIFICATION NUMBER
Classification number 215
Item number DAV-M
100 ## - MAIN ENTRY--PERSONAL NAME
Personal name Davies, Paul
245 #4 - TITLE STATEMENT
Title The mind of god : The scientific basis for a rational world
Statement of responsibility, etc Davies, Paul
260 ## - PUBLICATION, DISTRIBUTION, ETC. (IMPRINT)
Date of publication, distribution, etc 1992
300 ## - PHYSICAL DESCRIPTION
Extent 254 p.
546 ## - LANGUAGE NOTE
Language note EN
942 ## - ADDED ENTRY ELEMENTS (KOHA)
Koha item type Books
Holdings
Withdrawn status Lost status Damaged status Not for loan Home library Current library Date acquired Total Checkouts Full call number Barcode Date last seen Date checked out Price effective from Koha item type
        UMT Main Campus UMT Main Campus 2014-03-31 1 215 DAV-M 13951 2015-10-13 2015-09-10 2014-04-21 Books